Top 5 European Leagues Top Scorers: 2020/21 - Statistics

General Stats
  • This quiz has been taken 19 times
  • The average score is 18 of 28
Answer Stats
League Goals Club Nationality Player % Correct
Serie A 29 Juventus Portugal Cristiano Ronaldo
100%
Premier League 18 Manchester United Portugal Bruno Fernandes
95%
Bundesliga 27 Borussia Dortmund Norway Erling Haaland
95%
Premier League 23 Tottenham England Harry Kane
95%
Premier League 22 Liverpool Egypt Mohamed Salah
95%
Bundesliga 41 Bayern Munich Poland Robert Lewandowski
95%
Premier League 17 Tottenham South Korea Son Heung-min
95%
Ligue 1 27 PSG France Kylian Mbappe
89%
La Liga 30 Barcelona Argentina Lionel Messi
89%
La Liga 23 Real Madrid France Karim Benzema
84%
Serie A 24 Inter Belgium Romelu Lukaku
84%
La Liga 21 Atletico Madrid Uruguay Luis Suarez
68%
Serie A 21 Fiorentina Serbia Dusan Vlahovic
63%
Premier League 17 Leeds England Patrick Bamford
63%
Bundesliga 20 Wolfsburg Netherlands Wout Weghorst
63%
Bundesliga 20 Hoffenheim Croatia Andrej Kramaric
58%
Serie A 20 Lazio Italy Ciro Immobile
58%
Ligue 1 20 Lyon Netherlands Memphis Depay
58%
Bundesliga 28 Eintracht Frankfurt Portugal Andre Silva
53%
Ligue 1 16 Lille Turkey Burak Yilmaz
53%
La Liga 23 Villarreal Spain Gerard Moreno
47%
Serie A 22 Atalanta Colombia Luis Muriel
47%
Ligue 1 16 Monaco Germany Kevin Volland
42%
Ligue 1 20 Monaco France Wissam Ben Yedder
42%
La Liga 18 Sevilla Morocco Youssef En-Nesyri
42%
Ligue 1 16 Strasbourg France Ludovic Ajorque
16%
Serie A 20 Crotone Nigeria Simy
11%
Ligue 1 16 Montpellier France Gaetan Laborde
5%
No matching quizzes found
Score Distribution
Percent of People with Each Score
Percentile by Number Answered
Your Score History
You have not taken this quiz